| 000 | 03260cam a2200289 i 4500 | ||
|---|---|---|---|
| 001 | 16143 | ||
| 003 | DO-SdUEMH | ||
| 005 | 20260110142913.0 | ||
| 007 | ta | ||
| 008 | 211105s2001 dr a|||gr|||| 000 0 spa|d | ||
| 020 | _a9993420212 | ||
| 040 |
_aDO-SdUEMH _bspa _erda |
||
| 041 | _aspa | ||
| 082 | 1 | 4 |
_mRD _aRD306.097293 _bA577d |
| 084 | _b16-00049 | ||
| 100 |
_aANDUJAR PERSINAL, CARLOS _eaut |
||
| 245 | 1 | 0 |
_aDe Cultura y sociedad / _cCarlos Andújar Percinal |
| 260 | _c2001 | ||
| 264 | 0 | 1 |
_aSanto Domingo, República Dominicana : _bCentro de Información Afroamericano, _c2001 |
| 300 |
_a270 páginas : _bilustraciones ; _c23 cm. |
||
| 336 |
_2rdacontent _atexto _btxt |
||
| 337 |
_2rdamedia _asin mediación _bn |
||
| 338 |
_2rdacarrier _avolumen _bnc |
||
| 505 | 1 | _aPresentación -- Prólogo -- Primera parte Ensayos de cultura y sociedad -- Imagen y representación del dominicano una revisión de cómo nos pensamos -- Los retos de la familia como institución -- El manejo del discurso histórico en los libros de texto -- Los aportes de la antropología a la psicología -- La abolición de la esclavitud un grito de la condición humana -- Lengua e ideología en las relaciones interétnicas -- El merengue la identidad cultural y el nuevo milenio -- La situación de la museografía en la República Dominicana -- El imaginario sagrado popular el caso del vudú dominicano -- Informe de campo sobre el Batey El Soco en el este de la República Dominicana -- El tema racial en la República Dominicana -- El ensayo de tema negro en la República Dominicana -- Segunda parte Artículos sobre sociedad y cultura -- Temas de sociedad -- La ciudad como memoria -- Bulevares modernidad civilización y progreso -- La patria cultural y la patria política -- La trampa de la modernidad -- El maquillaje de la ciudad -- Los intelectuales al servicio de la corte -- Lo tradicional y lo moderno una vieja polémica -- Otra vez el problema haitiano -- Temas antropológicos -- Vudú y culto satánico -- El uso simbólico de las plantas medicinales -- Peregrinación y catolicismo popular en el Santo Cerro -- Los toros del Cristo de Bayaguana -- La peregrinación a Higüey -- Mujer y religiosidad popular -- Continuidad y problema de herencia en el gagá -- San Miguel Arcángel y el vudú dominicano -- La curación mental en la religiosidad popular dominicana -- Los temas de la agenda antropológica -- La antropología dominicana y la ensayística nacional -- Otros temas antropológicos -- El lado crítico del ensayo de naturaleza antropológica -- La recreación en la obra folclórica -- Las culturas populares en la redefinición de lo nacional -- Cultura popular y cultura de élite -- La cultura de la pobreza como recurso de supervivencia -- El autoritarismo como cultura -- El turismo cultural -- La política cultural y sus fronteras -- Relaciones interétnicas en el barrio de Cristo Rey -- Lo rural y lo campesino -- Los atabales de Sainaguá y el nuevo escenario del trabajo cultural -- La identidad en los tiempos modernos -- La fiesta de Halloween y la cultura nacional -- El Caribe que nos une el reto de la integración -- El carnaval dominicano -- La madeja de la identidad cultural caribeño. | |
| 942 |
_2ddc _cBK _n0 |
||
| 999 |
_c16143 _d16143 |
||